=LDR 00000nam 2200000 4500 =001 INLIS000000000039843 =005 20130612145439 =008 ***********************************Ind** =035 ##$$0010-061300000039843 =041 ##$$a Ind =082 ##$$a 959.851 =090 ##$$a 959.851, Ard d.2 =100 ##$$a Dr.Ardika,I Wayan =245 ##$$a Dinamika Kebudayaan Bali, Dr. I Wayan Ardika =260 ##$$a 1996 $b Denpasar =300 ##$$a 230 hlm, 20 cm =850 ##$$a NBPNMAT